| 000 | 01203nam a2200361 i 4500 | ||
|---|---|---|---|
| 001 | 020181802 | ||
| 003 | EG-ScBUE | ||
| 005 | 20230214071113.0 | ||
| 008 | 210429t2022 nyua f b 001 0 eng d | ||
| 020 | _a9781264972432 | ||
| 020 | _a1264972431 | ||
| 040 |
_aStDuBDS _beng _erda _cStDuBDS _dUk _dEG-ScBUE |
||
| 082 | 0 | 4 |
_a658 _222 _bJON |
| 100 | 1 |
_aJones, Gareth R., _eauthor. |
|
| 245 | 1 | 0 |
_aContemporary management / _cGareth R. Jones, Jennifer M. George, Rice University. |
| 250 | _aTwelfth edition. | ||
| 250 | _aInternational student edition. | ||
| 264 | 1 |
_aNew York, NY : _bMcGraw-Hill, _c[2022] |
|
| 264 | 4 | _cc2022 | |
| 300 |
_a1 volume (various pagings) : _billustrations (black and white, and colour) ; _c28 cm |
||
| 336 |
_atext _2rdacontent _btxt |
||
| 336 |
_astill image _2rdacontent _btxt |
||
| 337 |
_aunmediated _2rdamedia _bn |
||
| 338 |
_avolume _2rdacarrier _bnc |
||
| 504 | _aIncludes bibliographical references and index. | ||
| 650 | 7 |
_aManagement. _2BUEsh |
|
| 653 |
_bENGGEN _cFebruary2023 |
||
| 655 | _vReading book | ||
| 700 | 1 |
_aGeorge, Jennifer M., _eauthor. |
|
| 942 |
_2ddc _cBB |
||
| 999 |
_c30139 _d30110 |
||